00512nam a22001697a 450000500170000001000150001702000260003203500140005803700090007208200150008110000240009624500670012025000060018726000390019327000900023230000200032220260212120221.0 aENG-147825 a9789391657826c795.00 aEN-131357 bDBAD a396.96021 aBhasingala Ramadevi aHidden Struggles of Women Health Workers/cBhasingala Ramadevi a1 aNew DelhibAryan Publicationc2024 a110,Gali no.4, Harphool Vihar,BapraulabNew Delhie110043maryanpublication@gmail.com a194p.c22cm(hb)